| 000 | 00604nam a2200181Ia 4500 | ||
|---|---|---|---|
| 008 | 090630s9999 xx 000 0 und d | ||
| 082 | _b19668 | ||
| 100 | _aसप्रे माधव नि. | ||
| 245 |
_aअद्वैत मकरंद. _cसप्रे माधव नि. |
||
| 260 |
_bप्रणव. _c1999 |
||
| 300 | _a105 | ||
| 600 | _aसप्रे माधव नि. | ||
| 630 | _aअद्वैत मकरंद. | ||
| 655 | _aधार्मिक. | ||
| 700 | _aसप्रे माधव नि. | ||
| 730 | _aअद्वैत मकरंद. | ||
| 942 | _cBOOK | ||
| 999 |
_c271524 _d271524 |
||